[Event "EU-ch U12 18th"]
[Site "Herceg Novi"]
[Date "2008.09.17"]
[Round "3"]
[White "Timofeev, Mikhail"]
[Black "Tomsia, Kamil"]
[Result "0-1"]
[WhiteElo "1876"]
[BlackElo "2075"]
[PlyCount "82"]
[EventDate "2008.09.15"]
[EventType "swiss"]
[EventRounds "9"]
[EventCountry "MNE"]
[SourceTitle "CBM 126 Extra"]
[Source "ChessBase"]
[SourceDate "2008.11.05"]
[SourceVersion "1"]
[SourceVersionDate "2008.11.05"]
[SourceQuality "1"]

1. e4 c5 2. Nf3 Nc6 3. d4 cxd4 4. Nxd4 Nf6 5. Nc3 d6 6. Be3 Ng4 7. Bb5 Nxe3 8. Nxc6 Nxd1 9. Nxd8+ Kxd8 10. Rxd1 a6 11. Bc4 e6 12. a4 b6 13. f4 g6 14. f5 Ke7 15. fxe6 fxe6 16. Rf1 Bb7 17. Rd3 Bg7 18. Rdf3 Rhf8 19. Rxf8 Bxf8 20. Kd2 Bg7 21. Bd3 Be5 22. g3 h5 23. Ne2 g5 24. c3 Rh8 25. h3 h4 26. g4 d5 27. Ke3 Rd8 28. exd5 Bxd5 29. Be4 Bc4 30. Rf3 Bd6 31. Nd4 Bc5 32. b4 Bxd4+ 33. cxd4 a5 34. bxa5 bxa5 35. Rf2 Rb8 36. Bd3 Rb3 37. Rd2 Kd6 38. Ke2 Bxd3+ 39. Rxd3 Rxd3 40. Kxd3 Kd5 41. Kc3 e5 0-1

[Event "POL-chT U19 1th League"]
[Site "Gorzow Wielkopolski"]
[Date "2008.07.12"]
[Round "8.21"]
[White "Klepaczka, Tomasz"]
[Black "Tomsia, Kamil"]
[Result "0-1"]
[WhiteElo "2047"]
[BlackElo "1935"]
[PlyCount "80"]
[EventDate "2008.07.05"]
[EventType "team-tourn"]
[EventRounds "9"]
[EventCountry "POL"]
[SourceTitle "EXT 2019"]
[Source "ChessBase"]
[SourceDate "2018.10.10"]
[SourceVersion "1"]
[SourceVersionDate "2018.10.10"]
[SourceQuality "1"]
[WhiteTeam "Skierniewice KS Piatka U19"]
[BlackTeam "Trzebinia UKS Hetman Koronny U19"]
[WhiteTeamCountry "POL"]
[BlackTeamCountry "POL"]

1. e4 c5 2. Nc3 Nc6 3. f4 g6 4. Nf3 Bg7 5. Bb5 Nd4 6. Bc4 e6 7. 0-0 Ne7 8. Nxd4 cxd4 9. Ne2 0-0 10. d3 d5 11. Bb3 dxe4 12. dxe4 b6 13. Qd3 a5 14. Bc4 Nc6 15. Bd2 Qc7 16. a4 Bb7 17. b3 Rad8 18. Rf3 Nb8 19. Bc1 Nd7 20. Ba3 Nc5 21. Bxc5 bxc5 22. Re1 Kh8 23. Ng3 Bh6 24. Qf1 Rde8 25. Bb5 Re7 26. Kh1 f5 27. Bc4 e5 28. fxe5 Qxe5 29. Re2 f4 30. Kg1 Bc8 31. Re1 g5 32. h3 g4 33. hxg4 Bxg4 34. Rf2 f3 35. Kh2 Bf4 36. Rxf3 Bxf3 37. Qxf3 Rg7 38. Kh1 Rxg3 39. Qd1 Be3 40. c3 Qg5 0-1